A Rosinante Fogadó turisztikai vonzereje a Dunakanyar - régióban
| Szerző: | |
|---|---|
| További közreműködők: | |
| Dokumentumtípus: | Projektmunka |
| Kulcsszavak: | elemzés(ek) elégedettségvizsgálat fejlesztés(ek) fejlődési lehetőségek kérdőíves felmérés turizmus versenyképesség |
| Online Access: | http://dolgozattar.uni-bge.hu/59958 |
MARC
| LEADER | 00000nnm a2200000 i 4500 | ||
|---|---|---|---|
| 001 | dolg59958 | ||
| 005 | 20260409145810.0 | ||
| 008 | 260409suuuu hu o 000 hun d | ||
| 040 | |a BGE Dolgozattár Repozitórium |b hun | ||
| 041 | |a hu | ||
| 100 | 1 | |a Berta István Tamás | |
| 245 | 1 | 2 | |a A Rosinante Fogadó turisztikai vonzereje a Dunakanyar - régióban |c Berta István Tamás |h [elektronikus dokumentum] |
| 516 | |a Project_work | ||
| 520 | 3 | |a Projektmunkámban a szentendrei Rosinante Fogadó vendégelégedettségét vizsgáltam kérdőíves kutatás segítségével. emellett ár-érték arány elemzést, valamint versenytárselemzést is végeztem a piaci helyzet pontosabb megértése érdekében. A kutatás fő célja az volt, hogy feltárjam azokat az erősségeket és fejlesztendő területeket, amelyek elősegíthetik a fogadó versenyképességének növelését. A kapott eredmények alapján a vendégek többsége elégedett volt a szállás szolgáltatásaival és hangulatával, a kevésbé erős területekre vonatkozóan pedig javasolt változtatásokat is megfogalmaztam. a versenytársak elemzéséből kiderült, hogy a Rosinante Fogadó egyedi stílusa és közvetlen vendégközpontúsága fontos erősség, amelyre a jövőben is érdemes építeni. | |
| 695 | |a elemzés(ek) | ||
| 695 | |a elégedettségvizsgálat | ||
| 695 | |a fejlesztés(ek) | ||
| 695 | |a fejlődési lehetőségek | ||
| 695 | |a kérdőíves felmérés | ||
| 695 | |a turizmus | ||
| 695 | |a versenyképesség | ||
| 700 | 1 | |a Schablik Dr. Vilmos |e ths | |
| 856 | 4 | 0 | |u http://dolgozattar.uni-bge.hu/59958/1/A%20Rosinante%20fogad%C3%B3%20turisztikai%20vonzereje%20a%20Dunakanyar%20-%20r%C3%A9gi%C3%B3ban%20-%20HADFCG.pdf |z Dokumentum-elérés |
| 856 | 4 | 0 | |u http://dolgozattar.uni-bge.hu/59958/2/BertaIstv%C3%A1nTam%C3%A1s_FOSZK_b%C3%ADr%C3%A1lat.pdf |z Dokumentum-elérés |